Sports Quiz

Random Sports or NHL Quiz

NHL Teams of Canada Quiz Stats

 Plays Quiz Updated Feb 11, 2013

Also try: NHL Teams
Challenge
Share
Tweet
Embed
Score 0/7 Timer 01:00
7 Plays Today
% Correct
Toronto Maple Leafs
94.5%
Montreal Canadiens
88.7%
Vancouver Canucks
88.1%
Edmonton Oilers
83.4%
Calgary Flames
81.2%
Ottawa Senators
81%
Winnipeg Jets
79%

You're not logged in!

Compare scores with friends on all Sporcle quizzes.
Join for Free
OR
Log In

You Might Also Like...

Show Comments

Extras

Top Quizzes Today


Score Distribution

Your Account Isn't Verified!

In order to create a playlist on Sporcle, you need to verify the email address you used during registration. Go to your Sporcle Settings to finish the process.

Report this User

Report this user for behavior that violates our Community Guidelines.

Details: